000 03569njm a2200529Ia 4500
001 B5134
003 IT-RoPAU
005 20220918181158.0
008 131025s9999 xx 000 0 und d
040 _aIT-RoPAU
040 _cIT-RoPAU
999 _c102783
_d102783
999 _bn.d.
100 _aAA.VV.
_9794
100 _eAutore musica
_928883
100 _gCodice autore musica SPICS: 12000
_9796
245 _aVienna Concert (The)
250 _a2a ed.
260 _aMILANO
260 _bMONDADORI
_c1993 [1a Ed.:1968 - Ed. Lingua Orig.: 1968]
300 _aCOMPACT DISC
300 _c72 minuti (Testo: 0 pag.)
500 _aMusica jazz. Compact disc fuori commercio allegato alla rivista "Musica jazz".
505 _aThe Lamp Is Low [(Vienna, Konzerthaus 9 novembre 1968) (8:00)] - Never Say Yes [(Vienna, 9 novembre 1968) (9:00)] - Summer Samba [(Vienna, 9 novembre 1968) (6:00)] - Li'l Darlin' [(Vienna, 9 novembre 1968) (8:00)] - Medley: I Concentrate On You / I Got It Bad [(Vienna, 9 novembre 1968) (9:00)] - You Look Good To Me [(Vienna, 9 novembre 1968) (7:00)] - Let's Fall In Love [(Vienna, 9 novembre 1968) (5:00)] - Someday My Prince Will Come [(Vienna, 9 novembre 1968) (5:00)] - On A Clear Day [(Vienna, 9 novembre 1968) (5:00)] - Waltz For Debby [(Vienna, 9 novembre 1968) (9:00)] - Noreen's Nocturne [(Vienna, 9 novembre 1968) (5:00)]
511 _aPeterson Oscar: p; Jones Sam: cb; Durham Bobby: batt; Oscar Peterson Trio
511 _aPeterson Oscar: p; Jones Sam: cb; Durham Bobby: batt; Oscar Peterson Trio
650 _aJAZZ [COMPACT DISC]
_eCodice MATERIA SPICS: 9949
_911822
700 _aPeterson Oscar
_gCodice interprete SPICS: 16170
_928884
_eInterprete
700 _aRavel Maurice
_gCodice autore musica SPICS: 2180
_eAutore musica
_pThe Lamp Is Low
_928885
700 _aParish Mitchell
_gCodice autore SPICS: 23767
_eAutore
_pThe Lamp Is Low
_928886
700 _aDe Rose P.
_gCodice autore testo/musica SPICS: 18923
_eAutore testo/musica
_pThe Lamp Is Low
_928887
700 _aPeterson Oscar
_gCodice autore musica SPICS: 16170
_eAutore musica
_pNever Say Yes - Noreen's Nocturne
_928888
700 _aValle M.
_gCodice autore musica SPICS: 27567
_eAutore musica
_pSummer Samba
_928889
700 _aValle P.
_gCodice autore SPICS: 27568
_eAutore
_pSummer Samba
_928890
700 _aGimbel Norman
_gCodice autore testo/musica SPICS: 14452
_eAutore testo/musica
_pSummer Samba
_928891
700 _aHefti Neal
_gCodice autore musica SPICS: 20452
_eAutore musica
_pLi'l Darlin'
_928892
700 _aPorter Cole
_gCodice autore musica SPICS: 13034
_eAutore musica
_pMedley: I Concentrate On You / I Got It Bad
_928893
700 _aEllington Duke
_gCodice autore SPICS: 13023
_eAutore
_pMedley: I Concentrate On You / I Got It Bad
_928894
700 _aLefco-Wells
_gCodice autore musica SPICS: 38277
_eAutore musica
_pYou Look Good To Me
_928895
700 _aArlen Harold
_gCodice autore musica SPICS: 13025
_eAutore musica
_pLet's Fall In Love
_928896
700 _aKoehler T.
_gCodice autore SPICS: 15819
_eAutore
_pLet's Fall In Love
_928897
700 _aChurchill
_gCodice autore musica SPICS: 13393
_eAutore musica
_pSomeday My Prince Will Come
_928898
700 _aMorey
_gCodice autore SPICS: 25269
_eAutore
_pSomeday My Prince Will Come
_928899
700 _aLerner Alan Jay
_gCodice autore musica SPICS: 27495
_eAutore musica
_pOn A Clear Day
_928900
700 _aLoewe Frederick
_gCodice autore SPICS: 10988
_eAutore
_pOn A Clear Day
_928901
700 _aEvans Bill
_gCodice autore musica SPICS: 16457
_eAutore musica
_pWaltz For Debby
_928902
942 _cCD
_2ddc